Từ điển tâm lý học
Gồm 1005 mục từ được sắp xếp theo thứ tự a, b,c,... theo chủ đề tâm lý học
Đã lưu trong:
| Údair Eile: | , , |
|---|---|
| Formáid: | Leabhar |
| Teanga: | Vietnamese |
| Foilsithe: |
H.
Giáo dục
2009
|
| Ábhair: | |
| Clibeanna: |
Cuir Clib Leis
Gan Chlibeanna, Bí ar an gcéad duine leis an taifead seo a chlibeáil!
|
| Thư viện lưu trữ: | Mạng thư viện Đại học Đà Nẵng |
|---|
| LEADER | 01262nam a2200349 4500 | ||
|---|---|---|---|
| 001 | 000007154 | ||
| 003 | 3315 | ||
| 005 | 20111110151132.0 | ||
| 008 | 110927s2009 viesd | ||
| 020 | |c 165000đ | ||
| 041 | 0 | |a vie | |
| 082 | |a 150.03 |b Tưđ | ||
| 245 | 0 | |a Từ điển tâm lý học |c B.s.: Nguyễn Văn Luỹ, Lê Quang Sơn (đồng ch.b.), Võ Thị Minh Chí.. | |
| 260 | |a H. |b Giáo dục |c 2009 | ||
| 300 | |a 811 tr |c 24 cm | ||
| 520 | |a Gồm 1005 mục từ được sắp xếp theo thứ tự a, b,c,... theo chủ đề tâm lý học | ||
| 653 | |a Tâm lí học | ||
| 653 | |a Từ điển | ||
| 700 | |a Lê Quang Sơn |e đồng ch.b | ||
| 700 | |a Nguyễn Văn Lũy |e đồng ch.b | ||
| 700 | |a Võ Thị Minh Chí.. |e b.s | ||
| 910 | |a Nguyễn Thị Kim Oanh |d 27/09/2011 | ||
| OWN | |a LSP | ||
| AVA | |a UDN50 |b LSP |d 150.03 Tưđ |e check_holdings |t Error 5003 Not defined in file expand_doc_bib_avail. |h N |k 1 | ||
| 999 | |a From the UDN01 | ||
| AVA | |a UDN50 |b LSP |d 150.03 Tưđ |e available |t Error 5001 Not defined in file expand_doc_bib_avail. |f 29 |g 0 |h N |i 5 |k 1 | ||
| TYP | |a Monograph | ||
| TYP | |a Printed language | ||
| 980 | |a Mạng thư viện Đại học Đà Nẵng | ||